000 00501nam a2200181Ia 4500
003 GCL
008 140319s9999 xx 000 0 eng d
040 _aGCL /
_cGCL
082 0 4 _a621.39
_bK C
100 1 _aKATZ, RANDY H.
245 1 0 _aCONTEMPORARY LOGIC DESIGN /
_cKATZ, RANDY H.
260 _a[S.N] :
_bTHE BENJAMIN\ CUMMINGS PUBLISHING COMPAN ،
_c1994
300 _a699 P
650 0 4 _aELECTRONIC DIGITAL COMPUTERS
650 0 4 _aDATA PROCESSING
650 0 4 _aLOGIC DESIGN
942 _2ddc
_cBK
999 _c23837
_d23837